01172nac a22003257a 4500001001300000003000900013005001700022008003400039040005400073072001300127090002200140100001800162100002500180100001900205110005400224245008400278260003500362300001000397490007900407500001200486650001200498650002600510650002800536650002300564650002400587909004700611942001700658999001900675952015200694BR2012001183BR-BrBNA20240105123935.0230509b bl.|||m| |||| 00| 0 por d aBR-BrBNAbporcBiblioteca Nacional de Agricultura aE16; E72 a1126 BR20120011831 aHomma, A.K.O.1 aMenezes, A.J.E.A. de1 aMatos, G.B. de1 aEMBRAPA Amazônia Oriental, Belém, PA (Brasil)1 aCusto de produção de abacaxi no município de Salvaterra, Ilha de Marajó3 aBelém, PA (Brasil): c2007.  a24 p. aDocumentos - EMBRAPA Amazônia Oriental (Brazil)vno. 253xISSN 1517-2201 a10 ref. aABACAXI aCUSTO DE PRODUÇÃO aPRODUÇÃO AGRÍCOLA aPRÁTICA CULTURAL aCOMERCIALIZAÇÃO a202312bLúcia Elandec55dLúcia Elande 2AGRISn0cMS c297648d297648 002AGRIS40708Acervo Gerala41918b41918cAGROBASEl0o1126 BR2012001183p1126 BR2012001183r2023-12-18yMSePortaria Interministerial nº 164/94